[Event "CRO-chT3 Centar-B"]
[Site "Croatia"]
[Date "2017.04.09"]
[Round "2.1"]
[White "Srpak, Damir"]
[Black "Matkun, Josip"]
[Result "1-0"]
[WhiteElo "1835"]
[BlackElo "1975"]
[PlyCount "137"]
[EventDate "2017.04.02"]
[EventType "team-tourn"]
[EventRounds "9"]
[EventCountry "CRO"]
[SourceTitle "EXT 2019"]
[Source "ChessBase"]
[SourceDate "2018.10.10"]
[SourceVersion "1"]
[SourceVersionDate "2018.10.10"]
[SourceQuality "1"]

1. d4 Nf6 2. c4 g6 3. Nc3 Bg7 4. e4 d6 5. h3 0-0 6. Bd3 Nc6 7. Nge2 e5 8. d5 Ne7 9. 0-0 Ne8 10. Bg5 h6 11. Bh4 g5 12. Bg3 Ng6 13. f3 Nf6 14. Bf2 Nh5 15. Rc1 b6 16. b4 Qe7 17. c5 Nhf4 18. Nb5 Nxe2+ 19. Bxe2 Nf4 20. cxd6 cxd6 21. Rc7 Qd8 22. Rxa7 Ba6 23. Rxa8 Qxa8 24. a4 Qb8 25. Qd2 Rc8 26. Rd1 Nxe2+ 27. Qxe2 Bf8 28. Qe3 Bxb5 29. axb5 Rc4 30. Rb1 Qa8 31. Qb3 Rc8 32. Bxb6 Rb8 33. Ba5 Rxb5 34. Qc4 Rb8 35. Rc1 h5 36. Bc7 Qa7+ 37. Kh1 Rb7 38. b5 Qe3 39. b6 g4 40. fxg4 Bh6 41. Rf1 hxg4 42. hxg4 Qg3 43. Rf3 Qh4+ 44. Kg1 Qe1+ 45. Qf1 Be3+ 46. Kh2 Qxf1 47. Rxf1 Bxb6 48. Bxd6 Bd4 49. Rf5 Rb1 50. Bxe5 Bg1+ 51. Kg3 Re1 52. Kf3 Re3+ 53. Kf4 Re2 54. Bf6 Bh2+ 55. Kg5 Rxe4 56. Rf2 Kf8 57. Rc2 Ke8 58. Rc8+ Kd7 59. Rd8+ Kc7 60. Rf8 Kd6 61. Rxf7 Kxd5 62. Re7 Rc4 63. Re2 Bd6 64. Kh5 Rc1 65. g5 Rh1+ 66. Kg6 Rh4 67. Kg7 Bf4 68. g6 Rg4 69. Kf7 1-0

[Event "CRO-chT3B Center North"]
[Site "Croatia"]
[Date "2016.10.09"]
[Round "6.5"]
[White "Vucko, Joze"]
[Black "Matkun, Josip"]
[Result "1/2-1/2"]
[WhiteElo "1954"]
[BlackElo "1959"]
[PlyCount "118"]
[EventDate "2016.04.03"]
[EventType "team-tourn"]
[EventRounds "9"]
[EventCountry "CRO"]
[SourceTitle "EXT 2019"]
[Source "ChessBase"]
[SourceDate "2018.10.10"]
[SourceVersion "1"]
[SourceVersionDate "2018.10.10"]
[SourceQuality "1"]

1. c4 Nf6 2. Nc3 g6 3. d4 Bg7 4. e4 d6 5. f4 0-0 6. Nf3 Nc6 7. Bd3 Nh5 8. Be2 Bd7 9. 0-0 a6 10. Be3 Nf6 11. h3 e6 12. a3 Nh5 13. Kh2 Bh6 14. Qd2 Bg7 15. g4 Nf6 16. Rad1 Ne7 17. g5 Ne8 18. h4 Rb8 19. b4 b5 20. Rh1 c6 21. Kg3 bxc4 22. Bxc4 d5 23. Bd3 a5 24. bxa5 Qxa5 25. Nxd5 Qd8 26. Nxe7+ Qxe7 27. a4 c5 28. a5 cxd4 29. Nxd4 e5 30. Ne2 exf4+ 31. Bxf4 Rb2 32. Qe3 Qe6 33. Rd2 Rxd2 34. Qxd2 Nd6 35. Kf3 Re8 36. Qb4 Bf8 37. Qd4 Bc6 38. Ng3 Nf5 39. Qc4 Qxc4 40. Bxc4 Nxg3 41. Kxg3 Rxe4 42. Rc1 Ba8 43. a6 h6 44. Bb5 Rb4 45. Bc4 h5 46. Be5 Ra4 47. Rc3 Ra3 48. Rxa3 Bxa3 49. Kf2 Bc5+ 50. Ke2 Kf8 51. Bg3 Ke7 52. Be5 Be4 53. Bd3 Bd5 54. Bb5 Ke6 55. Bg3 Ke7 56. Kd3 f5 57. gxf6+ Kxf6 58. Bf4 Bf2 59. Bg5+ Ke6 1/2-1/2

[Event "CRO-chT3B Center North"]
[Site "Croatia"]
[Date "2016.04.17"]
[Round "3.3"]
[White "Matkun, Josip"]
[Black "Srsan, Matija"]
[Result "0-1"]
[WhiteElo "1959"]
[BlackElo "1956"]
[PlyCount "62"]
[EventDate "2016.04.03"]
[EventType "team-tourn"]
[EventRounds "9"]
[EventCountry "CRO"]
[SourceTitle "EXT 2019"]
[Source "ChessBase"]
[SourceDate "2018.10.10"]
[SourceVersion "1"]
[SourceVersionDate "2018.10.10"]
[SourceQuality "1"]

1. d4 Nf6 2. Nf3 g6 3. c3 Bg7 4. Bg5 d5 5. Nbd2 0-0 6. e3 Nbd7 7. Bd3 Re8 8. h3 b6 9. 0-0 Bb7 10. Qe2 c5 11. a4 a6 12. Rfe1 Ne4 13. Bh4 Qc7 14. Rac1 h6 15. Nf1 e5 16. dxe5 Nxe5 17. Nxe5 Bxe5 18. f3 c4 19. Bc2 Nc5 20. f4 Bxf4 21. Qg4 Be5 22. Rcd1 h5 23. Qe2 Qc6 24. Nd2 d4 25. Nxc4 d3 26. Rxd3 Nxd3 27. Bxd3 Bc7 28. Qc2 b5 29. axb5 axb5 30. Na3 Ra5 31. Rf1 Rxe3 0-1

[Event "CRO-chT3B Center North"]
[Site "Croatia"]
[Date "2013.10.20"]
[Round "8.2"]
[White "Matkun, Josip"]
[Black "Kovacic, Dominik"]
[Result "1/2-1/2"]
[WhiteElo "1998"]
[BlackElo "1703"]
[PlyCount "120"]
[EventDate "2013.04.14"]
[EventType "team-tourn"]
[EventRounds "9"]
[EventCountry "CRO"]
[SourceTitle "EXT 2019"]
[Source "ChessBase"]
[SourceDate "2018.10.10"]
[SourceVersion "1"]
[SourceVersionDate "2018.10.10"]
[SourceQuality "1"]

1. d4 g6 2. c3 c5 3. Bf4 cxd4 4. Bxb8 Rxb8 5. Qxd4 Nf6 6. Qxa7 Qc7 7. Nf3 d6 8. Nbd2 Bd7 9. e3 Bg7 10. Qa3 0-0 11. Be2 Ra8 12. Qb3 Rfc8 13. Qd1 Ba4 14. Qc1 Nd5 15. 0-0 Qd7 16. Nb1 Bb3 17. Qd2 Rxa2 18. Rxa2 Bxa2 19. Na3 Nb6 20. Ra1 Be6 21. Bb5 Qc7 22. Nd4 Bd7 23. Be2 Bxd4 24. exd4 Ra8 25. Re1 e6 26. Rc1 d5 27. g3 Rc8 28. b3 Rd8 29. Qg5 Kg7 30. Qe7 Re8 31. Qc5 Bc6 32. Nb5 Qd8 33. Na7 Qc7 34. Nb5 Qd8 35. Qb4 Re7 36. Ra1 Nc8 37. Na7 Nxa7 38. Rxa7 e5 39. dxe5 Rxe5 40. Qd4 f6 41. Bf3 Re7 42. c4 Rd7 43. c5 Qb8 44. Ra1 Qe5 45. Rd1 Kf7 46. b4 Qxd4 47. Rxd4 Ke6 48. Be2 Ke5 49. Rd2 d4 50. f3 f5 51. f4+ Kd5 52. Kf2 Re7 53. Rc2 Ba4 54. Bc4+ Kc6 55. Rd2 Rd7 56. h4 Bb5 57. Be6 Re7 58. Bb3 Rd7 59. Be6 Re7 60. Bb3 Rd7 1/2-1/2

[Event "CRO-chT3B Center North"]
[Site "Croatia"]
[Date "2013.10.13"]
[Round "7.5"]
[White "Sardi, Darko"]
[Black "Matkun, Josip"]
[Result "1/2-1/2"]
[WhiteElo "1968"]
[BlackElo "1998"]
[PlyCount "43"]
[EventDate "2013.04.14"]
[EventType "team-tourn"]
[EventRounds "9"]
[EventCountry "CRO"]
[SourceTitle "EXT 2019"]
[Source "ChessBase"]
[SourceDate "2018.10.10"]
[SourceVersion "1"]
[SourceVersionDate "2018.10.10"]
[SourceQuality "1"]

1. e4 c5 2. d4 cxd4 3. c3 dxc3 4. Nxc3 a6 5. Bc4 e6 6. Nf3 b5 7. Bd3 Nc6 8. 0-0 Bb7 9. Bf4 d6 10. Rc1 Nf6 11. Qe2 Be7 12. Rfd1 0-0 13. Bxd6 b4 14. Bxe7 Qxe7 15. Na4 Nd7 16. e5 g6 17. h3 Kg7 18. b3 h6 19. Be4 Rac8 20. Bd3 Ra8 21. Be4 Rac8 22. Bd3 1/2-1/2

[Event "CRO-chT3B Center North"]
[Site "Croatia"]
[Date "2013.10.06"]
[Round "6.1"]
[White "Zeleznjak, Tihomir"]
[Black "Matkun, Josip"]
[Result "1/2-1/2"]
[WhiteElo "2126"]
[BlackElo "1998"]
[PlyCount "69"]
[EventDate "2013.04.14"]
[EventType "team-tourn"]
[EventRounds "9"]
[EventCountry "CRO"]
[SourceTitle "EXT 2019"]
[Source "ChessBase"]
[SourceDate "2018.10.10"]
[SourceVersion "1"]
[SourceVersionDate "2018.10.10"]
[SourceQuality "1"]

1. d4 Nf6 2. c4 g6 3. f3 Bg7 4. e4 0-0 5. Be3 d6 6. Nc3 Nc6 7. Qd2 e5 8. d5 Ne7 9. g4 Ne8 10. 0-0-0 f5 11. gxf5 gxf5 12. Bh6 f4 13. Bxg7 Nxg7 14. Bh3 Bxh3 15. Nxh3 Rf6 16. Ng5 Qd7 17. Rdg1 Kh8 18. Qf2 Ng6 19. Rg4 h5 20. Rg2 a6 21. Rhg1 Rg8 22. Ne6 Nxe6 23. dxe6 Qxe6 24. Rg5 Qxc4 25. Rxh5+ Kg7 26. Qh4 Kf7 27. Qg4 Ne7 28. Rg5 Rxg5 29. Qxg5 Rg6 30. Qh5 Kg7 31. Rxg6+ Nxg6 32. Qh3 b5 33. Qd7+ Kf6 34. Qh3 Kg7 35. Qd7+ 1/2-1/2

[Event "CRO-chT3B Center North"]
[Site "Croatia"]
[Date "2011.10.29"]
[Round "9.52"]
[White "Matkun, Josip"]
[Black "Srnec, Sladjan"]
[Result "1-0"]
[WhiteElo "1992"]
[BlackElo "1912"]
[PlyCount "80"]
[EventDate "2011.03.26"]
[EventType "team-tourn"]
[EventRounds "9"]
[EventCountry "CRO"]
[SourceTitle "EXT 2014"]
[Source "ChessBase"]
[SourceDate "2013.11.20"]
[SourceVersion "1"]
[SourceVersionDate "2013.11.20"]
[SourceQuality "1"]

1. d4 d6 2. Nf3 g6 3. c3 Bg7 4. Bf4 Nf6 5. Nbd2 0-0 6. e3 Nh5 7. Bg3 Nxg3 8. hxg3 e5 9. Bd3 Bg4 10. Qb3 b6 11. Nh2 Be6 12. Qc2 c6 13. 0-0 Qc7 14. a4 Nd7 15. f4 f5 16. Be2 Nf6 17. Rae1 Rae8 18. Nhf3 Ng4 19. Bd1 Bf7 20. Ng5 exd4 21. Bxg4 dxc3 22. bxc3 fxg4 23. e4 h6 24. Nxf7 Qxf7 25. Qd3 Re6 26. Qc4 d5 27. Qd3 dxe4 28. Rxe4 Rfe8 29. Rfe1 Kh7 30. R1e3 Qf6 31. Qe2 Rxe4 32. Nxe4 Rxe4 33. Rxe4 Qxc3 34. Kh2 h5 35. Re7 Qa1 36. Qe6 c5 37. f5 gxf5 38. Qxf5+ Kg8 39. Re8+ Bf8 40. Qxf8+ Kh7 1-0

[Event "CRO-chT3B Center North"]
[Site "Cakovec"]
[Date "2010.04.24"]
[Round "4.31"]
[White "Kovacic, Mario"]
[Black "Matkun, Josip"]
[Result "1-0"]
[WhiteElo "1954"]
[BlackElo "1997"]
[PlyCount "95"]
[EventDate "2010.03.27"]
[EventType "team-tourn"]
[EventRounds "9"]
[EventCountry "CRO"]
[SourceTitle "EXT 2012"]
[Source "ChessBase"]
[SourceDate "2011.11.24"]
[SourceVersion "1"]
[SourceVersionDate "2011.11.24"]
[SourceQuality "1"]

1. e4 c5 2. Nf3 d6 3. d4 cxd4 4. Nxd4 Nf6 5. Nc3 a6 6. Bc4 e6 7. Bb3 Qc7 8. f4 Nc6 9. Be3 Be7 10. Qf3 0-0 11. 0-0 Bd7 12. g4 Nxd4 13. Bxd4 e5 14. Be3 Bxg4 15. Qg2 Be6 16. fxe5 dxe5 17. Bh6 Ng4 18. Bxe6 Nxh6 19. Bb3 Qb6+ 20. Kh1 Qg6 21. Qe2 Qg4 22. Rf3 Bc5 23. Raf1 Bd4 24. Nd5 Kh8 25. c3 Bc5 26. Qd3 f5 27. Bc2 f4 28. Bd1 Qg6 29. c4 Rad8 30. b4 Bd4 31. Rh3 Ng4 32. Rhf3 Be3 33. Qc2 Qg5 34. Qg2 Qh6 35. Qxg4 Rf7 36. Rh3 Qd6 37. Nxe3 Qd4 38. Nd5 Qxe4+ 39. Bf3 Qxc4 40. Rg1 Rxd5 41. Bxd5 Qxd5+ 42. Rf3 Qc6 43. Rd1 Rf8 44. Qg2 g6 45. Rfd3 e4 46. Rd7 Qc3 47. Qxe4 f3 48. Qe7 1-0